Т. 3; Кн. 2; Диаграммы состояния двойных металлических систем

Podrobná bibliografie
Parent link:Диаграммы состояния двойных металлических систем: Справочник/ Российская академия наук (РАН), Институт металлургии и материаловедения им. А. А. Байкова (ИМЕТ) ; под ред. Н. П. Лякишева. Т. 3; Кн. 2.— , 2000
Jazyk:ruština
Vydáno: 2000
Témata:
Médium: Kniha
KOHA link:https://koha.lib.tpu.ru/cgi-bin/koha/opac-detail.pl?biblionumber=26904

MARC

LEADER 00000nam0a2200000 4500
001 26904
005 20231030201853.0
010 |a 5217029323 
035 |a (RuTPU)RU\TPU\book\27149 
035 |a BOOK00027224 
090 |a 26904 
100 |a 20011209d2000 k y0rusy50 ca 
101 0 |a rus 
102 |a RU 
105 |a а g 001zy 
200 0 |a Т. 3; Кн. 2 
210 |d 2000 
215 |a 448 с.  |c ил. 
461 |t Диаграммы состояния двойных металлических систем  |o Справочник  |v Т. 3; Кн. 2  |f Российская академия наук (РАН), Институт металлургии и материаловедения им. А. А. Байкова (ИМЕТ) ; под ред. Н. П. Лякишева  |d 2000 
610 1 |a металлургия 
610 1 |a металлические системы 
610 1 |a двойные системы 
610 1 |a диаграммы 
610 1 |a солединения 
610 1 |a кристаллические системы 
610 1 |a фазовые превращения 
610 1 |a растворимость 
610 1 |a сплавы 
610 1 |a справочники 
675 |a 669.017.1(03)  |v 3 
801 0 |a RU  |b 63413507  |c 20011209  |g PSBO 
801 2 |a RU  |b 63413507  |c 20111025  |g PSBO 
942 |c BK